| 000 | 00358nam a22001337a 4500 | ||
|---|---|---|---|
| 020 | _a0471370479 | ||
| 040 | _cNUST | ||
| 082 |
_a621.3813 _bMUN |
||
| 100 |
_aBen A. Munk _9124007 |
||
| 245 |
_aFrequency Selective Surfaces _bTheory and Design |
||
| 260 |
_aNew York: _bJohn Wiley, _c2000. |
||
| 650 |
_aFrequency Selective Surfaces _9124008 |
||
| 942 |
_2ddc _cBK |
||
| 999 |
_c609985 _d609985 |
||